书目信息 |
| 题名: |
特种结构地基基础工程手册
|
|
| 作者: | 鞠建英 主编 | |
| 分册: | ||
| 出版信息: | 北京 中国建筑工业出版社 2000.03 |
|
| 页数: | 702页 | |
| 开本: | 16开 | |
| 丛书名: | ||
| 单 册: | ||
| 中图分类: | TU753.7-62 | |
| 科图分类: | ||
| 主题词: | 建筑工程--各种 | |
| 电子资源: | ||
| ISBN: | 7-112-04097-3 | |
| 000 | 00600nam0 2200193 45 | |
| 001 | 0102161566 | |
| 005 | 20010301160609.9 | |
| 010 | @a7-112-04097-3@d62.00元 | |
| 100 | @a20010216d2000 km y0chiy0120 ea | |
| 101 | 0 | @achi |
| 105 | @a z 000yy | |
| 200 | 1 | @a特种结构地基基础工程手册@ATe Zhong Jie Gou Di Ji Ji Chu Gong Cheng Shou Ce@f鞠建英主编@FJu Jian Ying Zhu Bian |
| 210 | @a北京@c中国建筑工业出版社@d2000.03 | |
| 215 | @a702页@d16开 | |
| 606 | 0 | @a建筑工程@x各种 |
| 690 | @aTU753.7-62@v3 | |
| 701 | 0 | @a鞠建英@4主编 |
| 801 | @aCN@bPftUser@c20010216 | |
| 905 | @dTU753.7-62@eJ915@b324993-995@f3 | |
| 特种结构地基基础工程手册/鞠建英主编.-北京:中国建筑工业出版社,2000.03 |
| 702页;16开 |
| ISBN 7-112-04097-3:62.00元 |
| ● |
| 相关链接 |
|
|
|
正题名:特种结构地基基础工程手册
索取号:TU753.7-62/J915
 
预约/预借
| 序号 | 登录号 | 条形码 | 馆藏地/架位号 | 状态 | 备注 |
| 1 | 324993 | 203249939 | 建筑库201/201建筑库 41排7列5层/ [索取号:TU753.7-62/J915] | 在馆 | |
| 2 | 324994 | 203249948 | 土木与交通工程学院资料室/土木与交通学院资料室 1排1列1层/ [索取号:TU753.7-62/J915] | 在馆 | |
| 3 | 324995 | 203249957 | 建筑库201/201建筑库 41排7列5层/ [索取号:TU753.7-62/J915] | 在馆 |